000 00661nam a2200229Ia 4500
005 20250108124952.0
008 008 250107s9999 xx 000 0 eng d
020 _a978-93-81520-28-4
037 _aTB
040 _aCRL
_beng
_cCRL
041 _aeng
_2eng
084 _aO153,3:g R1
084 _qCRL
100 _aKhanna Sri Ram Au.; Hanspal Savita Au.
_9730194
245 0 _aConsumer affairs and customer care
_cKhanna Sri Ram Au.; Hanspal Savita Au.
260 _aNew Delhi, India
_bVoice Society
_c2857
300 _axxii,466p.
365 _aINR
_b350
650 _aECONOMICS
942 _cTB
_hO153,3:g R1
999 _c1235245
_d1235245